000 01038cab a22002295a 4500
001 L148394
008 090914e20090905xxkdo f 000 0 eng d
035 _a(Sirsi) u148394
041 0 _aeng
100 1 _aSmith, Melanie
245 0 0 _aFocus
_bBristol, Bath and Swindon
260 _v2009
490 0 _aEstates Gazette
_v(935) 5 September 2009, 91-96(7)
520 _aSmall lettings are welcome in Bristol where office take-up is described as horrific and grade A space remains vacant. Bristol's retail centres are showing mixed fortunes and the shed market remains well below the five-year average lettings of 2.8m sq ft pa. The second quarter Bristol sentiment survey reveals some improvement in market perceptions. Swindon's £1bn regeneration programme is examined after the collapse of Modus's Regent Place scheme. Table.
590 _aKA
651 4 _aBristol
651 4 _aBath
651 4 _aSwindon
690 _aPROPERTY-COMMERCIAL PROPERTY-COMMERCIAL PROPERTY MARKET
700 1 _aCunningham, Daniel
942 _n0
999 _c81817
_d81817